000
00306nam a22001337a 4500
008
210511b ||||| |||| 00| 0 eng d
041
_a
eng
080
_a
159.9
082
_a
159.9
100
_a
48
101
_a
PSI
245
_a
Psychology Religion and Healing
_c
Leslie D. Weatherhead
942
_2
udc
_c
BK
999
_c
57163
_d
57163